LIBRARY ONLINE CATALOGUE

Smith and Thomas : (Record no. 3405)

MARC details
000 -LEADER
fixed length control field 00700nam a22002172 4500
001 - CONTROL NUMBER
control field 0000009247
005 - DATE AND TIME OF LATEST TRANSACTION
control field 20151217145848.0
008 - FIXED-LENGTH DATA ELEMENTS--GENERAL INFORMATION
fixed length control field 080916s xx 000 0 eng d
020 ## - INTERNATIONAL STANDARD BOOK NUMBER
International Standard Book Number 0421716902 :
Terms of availability KES 3880
040 ## - CATALOGING SOURCE
Original cataloging agency KABU
Transcribing agency KABU
100 1# - MAIN ENTRY--PERSONAL NAME
Personal name Smith, John.
-- 0000160391
245 10 - TITLE STATEMENT
Title Smith and Thomas :
Remainder of title a case book on contract /
Statement of responsibility, etc. John Smith.
250 ## - EDITION STATEMENT
Edition statement 11th ed.
260 ## - PUBLICATION, DISTRIBUTION, ETC. (IMPRINT)
Place of publication, distribution, etc. London :
Name of publisher, distributor, etc. Sweet & Maxwell,
Date of publication, distribution, etc. 2000.
300 ## - PHYSICAL DESCRIPTION
Extent xxxv, 754 p.
650 #0 - SUBJECT ADDED ENTRY--TOPICAL TERM
Topical term or geographic name as entry element Contracts
General subdivision Cases
Geographic subdivision Great Britain.
-- 0000160392
852 1# - LOCATION
-- p4075 KSH
908 ## - PUT COMMAND PARAMETER (RLIN)
Put command parameter 080916
950 ## - LOCAL HOLDINGS (RLIN)
-- 1
Holdings
Withdrawn status Lost status Source of classification or shelving scheme Damaged status Not for loan Home library Current library Date acquired Total Checkouts Full call number Barcode Date last seen Date last checked out Price effective from Koha item type Checked out Total Renewals
  Lost Library of Congress Classification     Kabarak, Main Campus Kabarak, Main Campus 17/12/2015 1 KD1554 .A7S65 2000 c. 2 009284 28/06/2016 28/06/2016 17/12/2015 General Collection    
    Library of Congress Classification     Kabarak, Main Campus Kabarak, Main Campus 17/12/2015 9 KD1554 .A7S65 2000 c. 4 18366 30/10/2023 30/10/2023 17/12/2015 General Collection 15/11/2023  
    Library of Congress Classification     Kabarak, Main Campus Kabarak, Main Campus 17/12/2015 10 KD1554 .A7S65 2000 c. 3 18365 30/10/2023 29/10/2023 17/12/2015 General Collection   1
    Library of Congress Classification     Kabarak, Main Campus Kabarak, Main Campus 17/12/2015 11 KD1554 .A7S65 2000 c. 1 009283 19/07/2024 19/07/2024 17/12/2015 General Collection    
    Library of Congress Classification     Kabarak, Main Campus Kabarak, Main Campus 17/12/2015 11 KD1554 .A7S65 2000 c. 5 18372 10/11/2023 10/11/2023 17/12/2015 General Collection